Новые идеи в биологии. Сб.9: Физико-химические основы жизни (Запись № 13477470)

Подробности
000 -МАРКЕР
контрольное поле 01676nam2a22002651 4500
001 - ИДЕНТИФИКАТОР ЗАПИСИ
контрольное поле RU\NLR\A1SV\6451
005 - ИДЕНТИФИКАТОР ВЕРСИИ
контрольное поле 20251203152403.2
035 ## - ДРУГИЕ СИСТЕМНЫЕ НОМЕРА
Идентификатор записи (NLR Aleph) 009691989
100 ## - ДАННЫЕ ОБЩЕЙ ОБРАБОТКИ
Данные общей обработки 20090612d1924 u y0rusy50 ca
101 0# - ЯЗЫК РЕСУРСА
Язык текста, звукозаписи и т.д. русский
200 1# - ЗАГЛАВИЕ И СВЕДЕНИЯ ОБ ОТВЕТСТВЕННОСТИ
Основное заглавие Физико-химические основы жизни
210 ## - ПУБЛИКАЦИЯ, РАСПРОСТРАНЕНИЕ И ДР.
Дата издания, распространения и т.д. 1924
215 ## - ФИЗИЧЕСКАЯ ХАРАКТЕРИСТИКА
Специфическое обозначение материала и объем 100 с.
Другие сведения о физической характеристике ил.
327 1# - ПРИМЕЧАНИЯ О СОДЕРЖАНИИ
Текст примечания [О физико-химическом анализе и о синтезе жизненных явлений / Л.Л.Васильев
-- Химическая связь между частями тела / А.В.Немилов
-- Общественность на основе физико-химических свойств организмов / В.А.Вагнер
-- Прогрессивная эволюция и регресс]
461 #1 - УРОВЕНЬ НАБОРА
Встроенное поле 001RU\NLR\A1SV\6450
-- 2000#$aНовые идеи в биологии$eНепериод. изд.$fВыход. под ред. проф. В.А.Вагнера и Е.А.Шульца$vСб.9
Системный номер (АБИС) связанной записи 9739637
Место публикации Пг.
Дата публикации 1924-1925
Первые сведения об ответственности Выход. под ред. проф. В.А.Вагнера и Е.А.Шульца
Имя издателя, распространителя и т.д. Образование
Сведения, относящиеся к заглавию Непериод. изд.
Заглавие Новые идеи в биологии
Номер тома Сб.9
702 #1 - ИМЯ ЛИЦА - ВТОРИЧНАЯ ОТВЕТСТВЕННОСТЬ
Графика поля Кириллица
Материалы, к которым относится поле rus
Начальный элемент ввода Васильев
Часть имени, кроме начального элемента ввода Л. Л.
Дополнения к именам, кроме дат д-р биол. наук
Даты 1891-1965
Расширение инициалов личного имени Леонид Леонидович
Системный номер авторитетной/нормативной записи 265801
Идентификатор авторитетной/нормативной записи RU\NLR\AUTH\770265857
702 #1 - ИМЯ ЛИЦА - ВТОРИЧНАЯ ОТВЕТСТВЕННОСТЬ
Начальный элемент ввода Немилов
Часть имени, кроме начального элемента ввода А.В.
Даты 1879-1950
Расширение инициалов личного имени Антон Витальевич
702 #1 - ИМЯ ЛИЦА - ВТОРИЧНАЯ ОТВЕТСТВЕННОСТЬ
Начальный элемент ввода Вагнер
Часть имени, кроме начального элемента ввода В.А.
Даты 1849-1934
Расширение инициалов личного имени Владимир Александрович
801 #0 - ИСТОЧНИК ЗАПИСИ
Страна Российская Федерация
Организация NLR
Дата составления 20090612
852 ## - МЕСТОНАХОЖДЕНИЕ И ШИФР ХРАНЕНИЯ
Идентификатор организации NLR
942 ## - ДОПОЛНИТЕЛЬНЫЕ ЭЛЕМЕНТЫ ЗАПИСИ (АБИС)
Тип экземпляра АБИС Книга
980 ## - КОЛЛЕКЦИЯ
Название коллекции Международный сводный каталог русской книги (1918-1926)
980 ## - КОЛЛЕКЦИЯ
Название коллекции Национальная библиография

Нет доступных экземпляров.